| 000 | 00000nas 2200000zi 4500 |
| 001 | 9.502537 |
| 003 | CaOODSP |
| 005 | 20250127113941 |
| 006 | m go d f |
| 007 | cr ||||||||||| |
| 008 | 150406c20109999oncar p o f0 b0fre|d |
| 020 | |z978-1-100-95122-5 |
| 022 | |a2370-0351 |
| 040 | |aCaOODSP|bfre|cCaOODSP|erda |
| 043 | |an-cn--- |
| 086 | 1 |aIu93-1/1F-PDF|zIu93-1/1-2011F-PDF|zIu93-1/1-2013F-PDF|zIu93-1/1-2014F-PDF|zIu93-1/1-2010F-PDF |
| 110 | 2 |aAgence fédérale de développement économique pour le sud de l'Ontario (Canada) |
| 222 | 0|aRapport annuel au Parlement. Loi sur l'accès à l'information |b(Agence fédérale de développement économique pour le sud de l'Ontario (Canada)) |
| 245 | 10|aRapport annuel au Parlement. |pLoi sur l'accès à l'information / |cAgence fédérale de développement économique pour le Sud de l'Ontario. |
| 264 | 1|aOttawa (Ontario) : |bAgence fédérale de développement économique pour le sud de l'Ontario = Federal Economic Development Agency for Southern Ontario, |c[2010]- |
| 310 | |aAnnuel |
| 336 | |atexte|btxt|2rdacontent/fre |
| 337 | |ainformatique|bc|2rdamedia/fre |
| 338 | |aressource en ligne|bcr|2rdacarrier/fre |
| 362 | 1 |aParaît depuis: période du 13 août 2009 au 31 mars 2010. |
| 500 | |aPublié aussi en anglais sous le titre : Annual report to Parliament. Access to Information Act. |
| 691 | 07|aAccès à l'information|2gcpds |
| 775 | 08|tAnnual report to Parliament. |w(CaOODSP)9.506135 |